| 000 | 00693cam a22002292 4500 | ||
|---|---|---|---|
| 001 | 0000020795 | ||
| 005 | 20151217155908.0 | ||
| 008 | 111017s xx 000 0 eng d | ||
| 020 | _a9966777628 : | ||
| 040 |
_aKABU _cKABU |
||
| 100 | 1 |
_aKieyah, Joseph. _@0000181337 |
|
| 245 | 1 | 0 |
_aEffects of land titling on poverty in Kenya / _cJoseph Kieyah, Robert Nyaga. |
| 250 | _a1st ed. | ||
| 260 |
_aNairobi : _bKIPPRA, _c2010. |
||
| 300 | _av, 33 p. | ||
| 650 | 0 |
_aLand titles _zKenya. _@0000181355 |
|
| 650 | 0 |
_aLand reform _zKenya. _@0000181356 |
|
| 700 | 1 |
_aNyagah, Robert. _@0000181357 |
|
| 908 | _a111017 | ||
| 950 | _@1 | ||
| 999 |
_c13801 _d13801 |
||